| 000 | 00907nab a2200289 4500 | ||
|---|---|---|---|
| 003 | BR-BrBNA | ||
| 005 | 20250326143009.0 | ||
| 008 | 250326b bl.||||| |||| 00| 0 por d | ||
| 040 |
_aBR-BrBNA _bpor |
||
| 072 |
_aP06 ; E12 ; C10 _b8961 |
||
| 100 | _aAraújo, Carla | ||
| 245 |
_aO etanol social _bAgroeconomia |
||
| 500 | _a1 illus. | ||
| 650 | _aETANOL | ||
| 650 | _aUSINA AÇUCAREIRA | ||
| 650 | _aTRABALHADOR RURAL | ||
| 650 | _aCONDIÇÃO DE VIDA | ||
| 650 | _aBEM-ESTAR SOCIAL | ||
| 650 | _aCAPACITAÇÃO | ||
| 650 | _aEDUCAÇÃO AMBIENTAL | ||
| 650 | _aSUSTENTABILIDADE | ||
| 650 | _aMARKETING | ||
| 650 | _aAGREGAÇÃO DE VALOR | ||
| 773 | 0 |
_01706 _9346301 _dSão Paulo-SP Editora Três Ltda - E-mail: luizfsa@revistadinheiro.com.br 2004 _o2024-6955 _tDinheiro Rural (Brazil) _x1807-3700 _gv. 3(19) p. 26-27; (May 2006) _wBR2025000399 |
|
| 942 | _cANA | ||
| 999 |
_c330677 _d330677 |
||